000 00512nam a22001697a 4500
003 SISC
005 20161115133437.0
008 161115b xxu||||| |||| 00| 0 eng d
020 _a9781138140660
050 _aPE 1128
_b.P776 2016
100 _aPollock, Joy.
245 _aEnglish grammar and teaching strategies :
_blifeline to literacy /
_cJoy Pollock and Elisabeth Waller.
260 _aLondon :
_bRoutledge,
_c2016.
300 _aix, 102 pages ;
_c22 cm.
500 _aIncludes appendix.
942 _2lcc
_cBK
999 _c305266
_d305266